000 01011nam a22002777a 4500
005 20180803165003.0
008 000211s1998 my b 000 0 eng
020 _a9839747193
040 _aDLC
_cDLC
_dCO-BoIAVH
041 0 _aeng
044 _ack
082 0 4 _a333.72089
_bN69t
100 1 _aNijar, Gurdial Singh.
245 1 0 _aTrips and biodiversity :
_bthe threat and responses ; the third world view /
_cGurdial Singh Nijar.
246 3 0 _aTrade-related intellectual property rights
246 1 4 _aTRIPs (Trade-related intellectual property rights) and biodiversity
260 _aPenang, Malaysia :
_bThird World Network,
_cc1996.
300 _a37 páginas ;
_c21 x 15 cm.
490 0 _aPaper / TWN, Third World Network ;
_v2
504 _aIncluye referencias bibliográficas (páginas 36-37).
650 6 _aBiodiversidad
650 4 _aComunidades indígenas
650 6 _aComunidades locales
650 6 _aDerecho de propiedad intelectual
942 _2ddc
_cLIBRO
999 _c2292
_d2292